| 000 | 00341nam a2200133Ia 4500 | ||
|---|---|---|---|
| 008 | 240624s9999 xx 000 0 und d | ||
| 041 | _aeng | ||
| 082 | _a306.3 APP | ||
| 100 | _aAPPADURAI ARJUN | ||
| 245 | _aSOCIAL LIFE OF THINGS COMMODITIES IN CUL | ||
| 260 |
_c1988 _bCambridge University Press |
||
| 300 | _a344 : p. | ||
| 365 |
_cGBP _b28 |
||
| 999 |
_c22413 _d22413 |
||